[Event "Satka Autumn 2017"]
[Site "Satka"]
[Date "2017.09.17"]
[Round "6"]
[White "Schepetkova, Margarita"]
[Black "Semenova, Elena"]
[Result "1-0"]
[WhiteElo "2266"]
[BlackElo "2284"]
[Annotator "TA"]
[PlyCount "79"]
[EventDate "2017.??.??"]
[EventType "swiss"]
[EventCountry "RUS"]
[SourceTitle "playchess.com"]
[Source "ChessBase"]
[SourceQuality "1"]

{[%evp 10,79,10,10,15,6,14,0,3,7,9,10,34,25,45,6,5,7,12,1,36,34,33,27,33,26,34,30,54,39,48,19,23,0,0,0,54,58,51,53,84,85,97,89,92,95,90,90,85,92,98,79,79,30,54,18,21,20,121,114,314,313,290,275,488,493,674,645,997,986,6195,1820]} 1. d4 f5 2. Nc3 Nf6 3. Bg5 d5 4. f3 c5 (4... c6 5. Qd3 b5 6. a3 e6 7. e4 Be7 8. Nge2 O-O 9. exf5 exf5 10. Ng3 Ne8 11. Bf4 g5 12. Be5 {0-1 (35) Sadorra,J (2590)-Kamsky,G (2706) ICC INT 2014}) 5. e4 Nc6 6. Bb5 {LiveBook: 8 Games. aiming for Bxf6. A80: Dutch Defence: Unusual White second moves} ({Don't play} 6. dxc5 d4 $15) 6... fxe4 7. fxe4 Nxe4 8. Nxe4 {The position is equal.} dxe4 9. Bxc6+ bxc6 10. dxc5 Qa5+ $146 (10... Qd5 $5 {[%cal Rd5g5]} 11. Be3 e5 $15) ({Find the theoretical novelty and annotate with similar games:} 10... Qd5 11. Qd2 Ba6 12. Rd1 {½-½ (34) Pratyusha,B (2318)-Christiansen,J (2410) Stockholm 2016}) 11. Qd2 $1 {[%cal Rd2a5]} Qxc5 12. Be3 Qd5 13. O-O-O Qxd2+ 14. Rxd2 g6 15. Ne2 {[%mdl 1024] White has compensation.} Bg7 16. Bd4 e5 17. Be3 $1 Bf5 18. Nc3 Kf7 19. Re1 Bf8 20. a3 Be7 21. Bf2 Bg5 22. Be3 Bxe3 (22... Be7 $11) 23. Rxe3 $14 Rad8 24. Nxe4 Bxe4 25. Rxe4 Rxd2 26. Kxd2 {[%mdl 4096] Endgame KR-KR} Ke6 27. Ra4 Rd8+ 28. Ke3 Rd7 29. Ra6 Kd5 30. Ra5+ Ke6 31. c3 h5 32. b4 Kf5 33. Ra6 c5 (33... Rc7 $11) 34. bxc5 $16 e4 $2 {[#]} (34... g5 $16 35. c6 Rc7) 35. Rd6 $18 Re7 36. Rd5+ Ke6 $2 (36... Kf6 {is a better defense.} 37. c4 Re8 38. Rd6+ Kf5) 37. Kxe4 {White is clearly winning.} Kf6+ 38. Kd4 Re2 39. c6 Ke6 40. c7 {Precision: White = 65%, Black = 30%.} (40. Kc5 $142 Kf7 41. c7) 1-0

[Event "Satka Autumn 2017"]
[Site "Satka"]
[Date "2017.09.17"]
[Round "6"]
[White "Maletina, Tatiana"]
[Black "Nosacheva, Mariya"]
[Result "0-1"]
[WhiteElo "2241"]
[BlackElo "2077"]
[Annotator "TA"]
[PlyCount "82"]
[EventDate "2017.??.??"]
[EventType "swiss"]
[EventCountry "RUS"]
[SourceTitle "playchess.com"]
[Source "ChessBase"]
[SourceQuality "1"]

1. d4 {Program Activation Required} Nf6 2. c4 g6 3. f3 Bg7 4. e4 O-O 5. Nc3 d6 6. Be3 Nc6 7. Nge2 a6 8. Qd2 Na5 {E83: Königsindisch (Sämisch-Angriff)} 9. Nf4 (9. b3 b5 10. cxb5 axb5 11. Rc1 c6 12. Ng3 h5 13. Bd3 e5 14. Nge2 b4 15. Na4 exd4 16. Bxd4 {0-1 (23) Topalov,V (2760)-Nakamura,H (2779) Saint Louis 2016}) 9... Nd7 10. Nh3 $146 ({Vorgänger:} 10. Rd1 e5 11. dxe5 dxe5 12. Nfd5 Nc6 13. h4 Nd4 14. h5 c6 15. hxg6 cxd5 16. gxh7+ {1-0 (42) Arngrimsson,D (2390)-Kozul,Z (2624) Legnica 2013}) 10... c5 11. dxc5 Ne5 12. O-O-O Nexc4 13. Qe1 Nxe3 14. Qxe3 Be6 15. Nf4 Bh6 16. e5 Nc6 17. exd6 exd6 18. Rxd6 Qa5 19. Kb1 Rfe8 20. Qd2 Bxa2+ 21. Nxa2 Re1+ 22. Nc1 Qxd2 23. Rxd2 Bxf4 24. Rc2 Rd8 25. g3 Be3 26. Bg2 Rxh1 27. Bxh1 Rd1 28. Bg2 Nb4 29. Rc3 Bd4 30. Rb3 Bxc5 31. f4 b6 32. Bf3 Re1 33. Rc3 a5 34. b3 Bd4 35. Rc4 Bf6 36. Re4 Rf1 37. Be2 Rh1 38. h4 h5 39. f5 Na2 40. Kxa2 Rxc1 41. b4 a4 0-1

[Event "Satka Autumn 2017"]
[Site "Satka"]
[Date "2017.09.17"]
[Round "6"]
[White "Sazonova, Anastasia"]
[Black "Surovtseva, Alisa"]
[Result "1/2-1/2"]
[WhiteElo "2155"]
[BlackElo "1623"]
[Annotator "TA"]
[PlyCount "93"]
[EventDate "2017.??.??"]
[EventType "swiss"]
[EventCountry "RUS"]
[SourceTitle "playchess.com"]
[Source "ChessBase"]
[SourceQuality "1"]

1. d4 {Program Activation Required} d5 2. c4 c6 3. cxd5 cxd5 4. Bf4 Nc6 5. e3 Nf6 6. Nc3 a6 7. Be2 Bf5 8. Nf3 e6 9. Qb3 {D13: Damengambit (Slawische Verteidigung, Abtauschvariante)} Bd6 10. Bxd6 Qxd6 11. Qxb7 O-O 12. Qb3 Nb4 (12... Rfb8 13. Qa3 Qxa3 14. bxa3 Ne4 15. Na4 Na7 16. Ne5 Nb5 {½-½ (103) Vidit,S (2670)-Korobov,A (2695) Dubai 2017}) 13. O-O Nc2 14. Rab1 Ng4 $146 ({Vorgänger:} 14... Rab8 15. Qa4 Rfc8 16. Rbc1 Rxb2 {1-0 (46) Moreno Ruiz,J (2475)-Moreno Gracia,D (2332) Linares 2014}) 15. h3 Ngxe3 16. fxe3 Nxe3 17. Kf2 Nxf1 18. Rxf1 Rfb8 19. Qa3 Qxa3 20. bxa3 Rb2 21. Rc1 Rc8 22. Ke3 f6 23. a4 Rb6 24. a5 Rbc6 25. Kd2 e5 26. dxe5 fxe5 27. Nxe5 Rc5 28. Bxa6 Ra8 29. Bb7 Re8 30. Nf3 Rxa5 31. Nd4 Be4 32. Re1 Rf8 33. Re2 Ra7 34. Bc6 Rb8 35. Bb5 Ra3 36. g4 Rc8 37. Nc6 Rc7 38. Rf2 Bg6 39. Rf3 Be4 40. Rf4 g5 41. Rf6 Kg7 42. Re6 Bg6 43. Rd6 Be4 44. Re6 Bg6 45. Rd6 Be4 46. Re6 Bg6 47. Rd6 1/2-1/2

[Event "Satka Autumn 2017"]
[Site "Satka"]
[Date "2017.09.17"]
[Round "6"]
[White "Protopopova, Anastasiya"]
[Black "Matsenko, Elena"]
[Result "1-0"]
[WhiteElo "2152"]
[BlackElo "1927"]
[Annotator "TA"]
[PlyCount "73"]
[EventDate "2017.??.??"]
[EventType "swiss"]
[EventCountry "RUS"]
[SourceTitle "playchess.com"]
[Source "ChessBase"]
[SourceQuality "1"]

{[%evp 24,72,50,48,85,84,97,91,90,94,102,97,102,102,103,102,145,138,143,109,109,108,107,106,145,108,127,123,129,124,156,150,135,113,157,152,152,146,157,147,180,157,433,427,29990,29991,29994,29995,29995,29996,29999]} 1. c4 e6 2. Nf3 Nf6 3. g3 b6 4. Bg2 Bb7 5. O-O c5 6. Nc3 Be7 7. b3 O-O 8. Bb2 Nc6 9. e3 d5 10. cxd5 Nxd5 11. Nxd5 exd5 12. d4 Bf6 13. Qd2 {LiveBook: 14 Games. A14: English Opening: 1...e6 with b3 by White} cxd4 14. Nxd4 Nxd4 15. Bxd4 {White is better.} Bxd4 16. Qxd4 Qd6 $146 ({Predecessor:} 16... Rc8 17. Rfd1 h6 18. a4 Re8 19. Bxd5 Bxd5 20. Qxd5 Qf6 {1-0 (33) Horvath,J (2514)-Wuest,M (2127) Boeblingen 2002}) 17. Rad1 Qa3 18. Rd2 Rfd8 19. e4 {[%cal Be3e4,Be4d5][%mdl 32]} Rd6 20. exd5 Rad8 21. Qe5 h6 22. Rfd1 Qc5 23. h4 Bc8 24. Rd4 {Strongly threatening Rc4.} b5 25. b4 Qc2 26. R4d2 Qc4 27. a3 a6 28. Rd3 Qc2 29. Qe3 Bf5 30. R3d2 {[%cal Bd3d2,Bd2e2,Be2e8][%mdl 32]} Qc7 31. Qf4 Bc8 32. Re2 Bb7 $2 {[#]} (32... Qb6 $16 {was worth a try.} 33. Rde1 Bd7) 33. Rde1 $18 Qb6 (33... Qc8 $18 34. Re7 Rf6) 34. Re8+ {White mates.} Rxe8 35. Rxe8+ Kh7 36. Be4+ g6 37. Qxf7# {Precision: White = 91%, Black = 19%.} 1-0

[Event "Satka Autumn 2017"]
[Site "Satka"]
[Date "2017.09.17"]
[Round "6"]
[White "Vinokur, Yuliya"]
[Black "Makarenko, Alexandra"]
[Result "1/2-1/2"]
[WhiteElo "2086"]
[BlackElo "2251"]
[Annotator "TA"]
[PlyCount "98"]
[EventDate "2017.??.??"]
[EventType "swiss"]
[EventCountry "RUS"]
[SourceTitle "playchess.com"]
[Source "ChessBase"]
[SourceQuality "1"]

{[%evp 23,98,29,22,30,30,43,37,20,74,14,94,100,103,112,104,95,85,0,143,131,148,104,164,164,145,164,197,162,158,116,201,181,211,217,206,198,225,224,190,181,328,346,357,-77,25,35,97,97,100,-175,-164,-184,0,0,0,0,0,0,0,0,0,0,0,0,0,0,0,0,0,0,0,0,0,0,0,0,0]} 1. d4 Nf6 2. c4 g6 3. Nc3 Bg7 4. e4 d6 5. Nf3 O-O 6. Be2 e5 7. Be3 Ng4 8. Bg5 f6 9. Bh4 g5 10. Bg3 Nh6 11. dxe5 dxe5 12. Qc2 {E92: King's Indian: Classical: 6 Be2 e5: 7 dxe5, 7 Be3 and Petrosian System without 7...Nbd7} (12. Qxd8 Rxd8 13. h4 g4 14. Nd2 Na6 15. O-O-O f5 16. f4 Re8 17. Bh2 c6 18. Rhe1 exf4 19. Bxf4 Nc5 20. Bf1 Nf7 {½-½ (36) Kovalyov,A (2613)-Smirin,I (2663) Arlington 2015}) 12... g4 {LiveBook: 4 Games} 13. Rd1 Qe8 14. Nh4 {White has an edge.} Nc6 15. Nd5 Qf7 (15... f5 $1 $11) 16. Nf5 (16. f3 $16) 16... Bxf5 $146 (16... Nxf5 $11 {keeps the balance.} 17. exf5 Qh5) ({Predecessor:} 16... Nxf5 17. exf5 Qh5 18. Ne3 Nd4 19. Qe4 Nxf5 20. Bxg4 Nxg3 {1-0 (42) Panjwani,R (2407)-Franklin,S (2322) London 2013}) 17. exf5 $16 Nd4 {[#]} 18. Rxd4 $1 {[%mdl 512]} exd4 19. Nxc7 Rac8 20. Nb5 {[#]} (20. c5 $16 {aiming for Bc4.} Qd7 21. Ne6) 20... Rc5 (20... Qd5 $1 $11 {[%mdl 512]} 21. cxd5 Rxc2 22. Nxd4 Rxb2) 21. Bd6 Rxf5 22. Nxd4 Re8 (22... Rh5 $16 {was called for.}) 23. O-O $18 {[%mdl 1024] White has strong compensation.} (23. Nxf5 $6 Nxf5 24. Bc5 (24. Qxf5 Qxc4 25. O-O Qxe2 $11) 24... Nh4 $14) 23... Rh5 24. c5 $1 {Hoping for Bc4.} Kh8 25. Bb5 Rc8 26. Bc4 $36 {[%mdl 2048] Black is under strong pressure.} Qg6 (26... Qe8 $16 {was necessary.}) 27. Qb3 Qe4 28. Ne6 $1 a6 29. Rd1 Re8 30. Nc7 Rd8 31. Bd5 Qe2 (31... Rxd5 {might work better.} 32. Nxd5 Nf5) 32. Rf1 ({Avoid the trap} 32. Bxb7 $2 Rxc5 33. Bxa6 Qxd1+ 34. Qxd1 Rxc7 $17) 32... Nf5 33. Qxb7 $2 (33. Bc4 $18 Qe4 34. Bd3) 33... Nxd6 (33... Ne3 $1 $17 34. fxe3 Qxe3+ 35. Kh1 g3) 34. cxd6 $11 Qe5 {[#]} (34... g3 $1 $14 35. hxg3 Rh1+ 36. Kxh1 Qxf1+ 37. Kh2 Qd1) 35. g3 $1 $16 Qxd6 {[%cal Rh5d5]} 36. Rd1 $2 {[%mdl 8192] [#]} (36. Ne6 $16 {[%csl Ge6][%cal Rb7g7] is necessary to keep the advantage.} Qd7 37. Nxd8 Rxd5 38. Qxd7 Rxd7 39. Ne6) 36... Qe7 $1 $19 37. Qb6 Rhxd5 $2 (37... Re5 $19 {And now ...f5 would win.} 38. Kg2 h5) 38. Nxd5 $11 {The position is equal.} (38. Rxd5 $2 Rxd5 39. Nxd5 Qe1+ 40. Kg2 Qe4+ 41. Kg1 Qxd5 $19) 38... Rxd5 39. Qb8+ (39. Rxd5 $2 Qe1+ 40. Kg2 Qe4+ 41. Kg1 Qxd5 $19) 39... Bf8 40. Rxd5 {[%mdl 4096] Endgame KQR-KQB} Qe1+ 41. Kg2 {[%cal Rb8f8]} Qe4+ 42. Kg1 {[%cal Rb8f8]} Qe1+ 43. Kg2 {[%cal Rb8f8]} Qe4+ 44. Kg1 {[%cal Rb8f8]} Qe1+ 45. Kg2 {[%cal Rb8f8]} Qe4+ 46. Kg1 {[%cal Rb8f8]} Qe1+ 47. Kg2 {[%cal Rb8f8]} Qe4+ 48. Kg1 {[%cal Rb8f8]} Qe1+ 49. Kg2 {[%cal Rb8f8]} Qe4+ {Precision: White = 43%, Black = 34%.} 1/2-1/2

[Event "Satka Autumn 2017"]
[Site "Satka"]
[Date "2017.09.17"]
[Round "6"]
[White "Nasybullina, Alfia"]
[Black "Gutkovich, Polina"]
[Result "1/2-1/2"]
[WhiteElo "2045"]
[BlackElo "2012"]
[Annotator "NA"]
[PlyCount "156"]
[EventDate "2017.??.??"]
[EventType "swiss"]
[EventCountry "RUS"]
[SourceTitle "playchess.com"]
[Source "ChessBase"]
[SourceQuality "1"]
[TimeControl "5400+30"]

{[%evp 8,144,20,2,13,0,4,10,0,0,0,-29,-4,-14,-12,-28,-24,-61,32767,32767,-68,-65,-39,-33,-16,-82,83,-8,-13,-4,-8,2,54,33,58,0,32767,32767,32767,32767,32767,32767,32767,32767,32767,32767,32767,32767,32767,32767,32767,32767,32767,32767,90,0,43,58,64,29,70,0,0,-59,-84,-64,-31,-52,32767,32767,32767,-17,-9,0,-3,0,-2,-93,-67,-81,-110,-68,-47,32767,32767,32767,32767,-44,-79,-52,-62,-64,-74,-505,-251,-192,32767,32767,32767,32767,32767,32767,32767,32767,32767,32767,32767,32767,32767,32767,32767,32767,32767,32767,441,509,532,734,1110,1022,781,1168,705,5189,616,871,793,124,126,123,125,8,8,8,8,0,8,0,0]} 1. d4 {[%emt 0:00:00]} d5 {[%emt 0:00:05]} 2. c4 {[%emt 0:00:00]} e6 {[%emt 0:00:04]} 3. Nc3 {[%emt 0:00:00]} c6 {[%emt 0:00:02]} 4. Nf3 {[%emt 0:00:32]} Nf6 {[%emt 0:00:09]} 5. cxd5 {[%emt 0:00:17]} exd5 {[%emt 0:00:04]} 6. Bg5 {[%emt 0:00:29]} Be7 {[%emt 0:00:10]} (6... h6 $5 {[%cal Rh6g5]} 7. Bh4 Bf5 $11) 7. e3 {[%emt 0:00:09]} Bf5 {[%emt 0:00:04]} 8. Be2 {[%emt 0:01:21]} h6 {[%emt 0:00:18] D35: Queen's Gambit Declined: Exchange Variation} (8... Nbd7 9. Nd2 O-O 10. Bf4 Re8 11. h3 Nf8 12. g4 Be4 13. Rg1 Bd6 14. Bg3 Bxg3 15. Rxg3 Qb6 16. g5 {1-0 (61) Bellaiche,A (2463)-Ginsburg,G (2454) Jerusalem 2017}) 9. Bh4 {[%emt 0:00:26]} Nbd7 {[%emt 0:00:16]} 10. O-O {[%emt 0:00:37] LiveBook: 3 Games} O-O {[%emt 0:00:08]} 11. Qb3 {[%emt 0:01:52]} Qb6 {[%emt 0:01:34]} 12. Qxb6 {[%emt 0:00:36]} axb6 {[%emt 0:01:59]} 13. Rfc1 $146 {[%emt 0:05:24]} ({Predecessor:} 13. Ne5 Rfe8 14. Nxd7 Nxd7 15. Bxe7 Rxe7 16. Rfc1 {½-½ (59) Komarov,J (1883)-Raisov,I (2037) Saratov 2015}) 13... b5 {[%emt 0:06:28]} 14. a4 {[%emt 0:06:18]} b4 {[%emt 0:00:10]} 15. Nd1 {[%emt 0:00:05]} Ra5 {[%emt 0:00:18]} 16. Ne5 {[%emt 0:05:03]} (16. Nd2 $1 $11) 16... Nb6 $2 {[%emt 0:02:23] [#]} (16... g5 $17 17. Bg3 Ne4) 17. b3 {[%emt 0:00:18]} (17. Rxc6 $1 $16 {[%mdl 512]} Nxa4 (17... bxc6 18. Nxc6) 18. Rc7) 17... g5 {[%emt 0:00:24]} 18. Bg3 {[%emt 0:00:52]} Ne4 {[%emt 0:00:36] [#]} 19. Rxc6 $1 {[%emt 0:01:13]} Na8 {[%emt 0:15:50]} ({Bitte nicht} 19... bxc6 $6 20. Nxc6 Nxg3 21. hxg3 $16 (21. Nxe7+ Kg7 $11)) ({Günstiger ist} 19... Nxa4 $1 $11 20. Bf3 (20. bxa4 bxc6 21. Nxc6 Bd8 $11) (20. Rxh6 Nac3 $11) 20... Bd8) 20. Rxh6 {[%emt 0:29:43]} Kg7 $1 {[%emt 0:05:30]} 21. Bg4 {[%emt 0:13:51]} Bxg4 {[%emt 0:08:01]} 22. Nxg4 {[%emt 0:00:11]} Nxg3 {[%emt 0:00:03]} 23. hxg3 {[%emt 0:00:19]} f5 {[%emt 0:00:01]} 24. Re6 {[%emt 0:00:56]} Kf7 {[%emt 0:00:03]} 25. Rxe7+ {[%emt 0:00:12]} Kxe7 {[%emt 0:00:03]} 26. Ne5 {[%emt 0:00:47]} Rc8 {[%emt 0:05:01]} 27. Nd3 {[%emt 0:03:10]} Rc6 {[%emt 0:00:14]} 28. Rb1 {[%emt 0:00:27]} Nc7 {[%emt 0:02:30]} 29. g4 {[%emt 0:02:08]} fxg4 {[%emt 0:01:30]} 30. Kh2 {[%emt 0:00:07]} Kf6 {[%emt 0:02:27]} (30... Ne8 $11 {hält das Gleichgewicht.}) 31. Rb2 {[%emt 0:03:52]} ({Better is} 31. Nxb4 $16 Rb6 32. Nd3) 31... Na6 {[%emt 0:02:27]} 32. Kg3 {[%emt 0:00:48]} Kf5 {[%emt 0:00:17]} 33. Rd2 {[%emt 0:02:55]} Nc7 {[%emt 0:04:10] [#]} 34. Ne5 {[%emt 0:01:01]} (34. e4+ $1 $14 {[%mdl 512]} Kf6 (34... dxe4 35. Ne3+) 35. Nc5 (35. Kxg4 dxe4 36. Nc5 Nd5 $14) (35. Nxb4 Rb6 $15)) 34... Rc1 {[%emt 0:00:17]} 35. Nxg4 {[%emt 0:02:29]} (35. e4+ $11 Kf6 36. Nxg4+ Kg7 37. exd5) 35... b5 {[%emt 0:03:15]} 36. axb5 {[%emt 0:00:34]} Nxb5 {[%emt 0:00:15]} 37. e4+ {[%emt 0:03:29]} dxe4 {[%emt 0:01:40]} 38. Nde3+ {[%emt 0:00:30]} Kg6 {[%emt 0:01:01]} 39. Ne5+ {[%emt 0:00:17]} Kg7 {[%emt 0:00:48]} 40. N5c4 {[%emt 0:01:19]} Ra8 {[%emt 0:00:47]} 41. d5 {[%emt 0:01:29]} Rc3 {[%emt 0:00:42]} 42. d6 {[%emt 0:00:22]} (42. Kg4 $11) 42... Rd3 {[%emt 0:03:46]} ({Natürlich nicht} 42... Rxb3 43. Rd5 $11) 43. Rxd3 {[%emt 0:04:14]} exd3 {[%emt 0:00:04]} 44. Kf3 {[%emt 0:00:34]} Rd8 {[%emt 0:04:11]} 45. Nf5+ {[%emt 0:01:05]} Kf6 {[%emt 0:00:09]} 46. g4 {[%emt 0:00:08]} Nc3 {[%emt 0:02:37]} 47. Ke3 {[%emt 0:05:45]} Nd1+ {[%emt 0:00:11]} 48. Kf3 {[%emt 0:00:38]} Ke6 {[%emt 0:00:58]} 49. Kg3 {[%emt 0:01:49]} Nc3 {[%emt 0:04:13]} 50. f3 $2 {[%emt 0:00:14]} ({White has to play} 50. Kf3 $1 $15) 50... Na2 {[%emt 0:02:43]} (50... Nb1 $142 51. Ng7+ Kf7) 51. Kf2 {[%emt 0:00:29]} Nc1 {[%emt 0:00:50]} 52. Ke3 {[%emt 0:02:47]} Kd5 {[%emt 0:01:10]} 53. Nb6+ {[%emt 0:01:14]} Kc6 {[%emt 0:01:11]} 54. Nc4 {[%emt 0:00:42]} Nxb3 {[%emt 0:02:45]} 55. Kxd3 {[%emt 0:00:07]} Nc5+ {[%emt 0:00:49]} 56. Kd4 {[%emt 0:00:08]} Na4 {[%emt 0:02:42]} 57. Ne5+ {[%emt 0:00:39]} Kb5 {[%emt 0:00:19]} 58. Kd5 {[%emt 0:00:09]} b3 {[%emt 0:05:35]} 59. Nd4+ {[%emt 0:00:10]} Kb6 {[%emt 0:02:33]} 60. Nxb3 {[%emt 0:00:10]} Nc3+ {[%emt 0:01:57]} 61. Ke6 {[%emt 0:00:20]} Nb5 {[%emt 0:00:03]} 62. Ke7 {[%emt 0:01:03]} Ra8 {[%emt 0:01:44]} 63. d7 {[%emt 0:00:17]} Kc7 {[%emt 0:00:08]} 64. Nc5 {[%emt 0:00:29]} Nd4 {[%emt 0:00:41] [#]} 65. Na6+ $1 {[%emt 0:00:10]} Kb6 {[%emt 0:01:18]} 66. Nb4 {[%emt 0:00:24]} Kb5 {[%emt 0:01:16]} 67. d8=Q $2 {[%emt 0:02:07]} (67. Nbd3 $18 {bietet bessere Gewinnchancen.}) 67... Rxd8 {[%emt 0:00:04]} 68. Kxd8 {[%emt 0:00:07]} Kxb4 {[%emt 0:00:02]} 69. Ke7 {[%emt 0:00:11]} ({Better is} 69. Ke8 $16) 69... Kc5 {[%emt 0:00:08]} 70. Kf7 {[%emt 0:01:24]} Kd6 $1 {[%emt 0:00:46]} 71. Kf6 {[%emt 0:00:15]} (71. f4 $5 gxf4 72. Kf6 $11) 71... Kd5 {[%emt 0:00:08]} 72. Kxg5 {[%emt 0:00:37]} (72. f4 $5 gxf4 73. Nd3 $11) 72... Kxe5 $11 {[%emt 0:00:06]} 73. f4+ {[%emt 0:00:05]} Ke6 {[%emt 0:00:16]} 74. Kg6 {[%emt 0:00:05]} Ke7 {[%emt 0:00:41]} 75. f5 {[%emt 0:01:00]} Kf8 {[%emt 0:00:16]} 76. Kf6 {[%emt 0:00:30]} Nf3 {[%emt 0:00:14]} 77. Ke6 {[%emt 0:00:14]} Ng5+ {[%emt 0:00:15]} 78. Kf6 {[%emt 0:00:10]} Nf3 {[%emt 0:00:04]} 1/2-1/2